000 01692nas a2200277Ia 4500
001 R050-S3650
003 IT-CnALBA
008 170116c99999999xx |||||||||||| ||und||
040 _aIT-CnALBA
_cIT-CnALBA
041 _aITALIANO
100 _aCOSTI GIOVANNI
210 _aVIA VERITÀ E VITA
222 _aVIA VERITÀ E VITA
245 0 _aVIA VERITÀ E VITA. NOVEMBRE DICEMBRE 1990. RIVISTA MONOGRAFICA, APPROFONDIMENTO PASTORALE CATECHISTICO.
250 _a1a ed.
260 _a ROMA
_bCENTRO CATECHISTICO PAOLINO
_c1990 [1° Ed.:1990 - Ed.Ling.Originale: 1990]
300 _a88 p.
310 _aBIMESTRALE
362 _aFascicolo: 130 / Anno: 39 (1990)
500 _aADESIONE FEDE CRISTIANA DA ADULTI. INDICE ANNATE 1989 1990. GIULIANI AN. LAURITA' R. ROCCHETTA C. RUSPI W. SARNATARO C. SORAVITO L. INIZIAZIONE ADULTI ALLA FEDE IN ITALIA. RICA PRASSI PASTORALE IN ITALIA. EVANGELIZZAZIONE OGGI. CATECUMENATO SECOLO XX. RITO BATTESIMO ADULTI. CATECUMENATO VOLTO NUOVO CHIESA. CATECUMENATO IN EUROPA E NEL MONDO. SINODI DIOCESANI. UMBRIA IMPEGNO EVANGELIZZAZIONE.
501 _aSocietà San Paolo EM - Piazza San Paolo, 14 - 12051 ALBA (CN) (non commercial uses only) ® Copyright 2017
520 _aADESIONE FEDE CRISTIANA DA ADULTI. INDICE ANNATE 1989 1990. GIULIANI AN. LAURITA' R. ROCCHETTA C. RUSPI W. SARNATARO C. SORAVITO L. INIZIAZIONE ADULTI ALLA FEDE IN ITALIA. RICA PRASSI PASTORALE IN ITALIA. EVANGELIZZAZIONE OGGI. CATECUMENATO SECOLO XX. RITO BATTESIMO ADULTI. CATECUMENATO VOLTO NUOVO CHIESA. CATECUMENATO IN EUROPA E NEL MONDO. SINODI DIOCESANI. UMBRIA IMPEGNO EVANGELIZZAZIONE.
650 _aTEOLOGIA PASTORALE - CATECHESI
942 _cCR
957 _71
999 _a65540
_bNO
_g1
_c332236
_d332236